Historia general del teatro en el Perú (Registro nro. 24208)

Detalles MARC
000 -Cabecera
Campo de control interno 00439nam a2200181Ia 4500
005 - Fecha y hora del registro
control field 20260414151028.0
008 - Elementos de Longitud Fija
fixed length control field 260414t2001||||xx |||||||||||||| ||spa||
041 ## - Idioma
Codigo Idioma ESP
082 ## - DEWEY y NOTACIÓN INTERNA
Dewey 792.0985
Notación Interna B19
100 ## - AUTOR
Autor denominación Balta Campbell, Aída
Término de relación autor
245 #0 - TÍTULO DE MATERIAL BIBLIOGRÁFICO
Título Historia general del teatro en el Perú
Título paralelo
260 ## - CIUDAD, EDITORIAL, AÑO
Año 2001
300 ## - DESCRIPCIÓN
N° Páginas 335 páginas :
Dimensiones \N
650 ## - TEMAS
Temas Las Artes
654 ## - PROGRAMAS
Programa Dpto. Arquitectura y Urbanismo
942 ## - ELEMENTOS DE KOHA
Tipo de documento Libro
Nombre del creador Justo Noguera
Código de catalogador Justo Noguera
Esquema de clasificación Dewey Decimal Classification
Suppress in OPAC
Existencias
Codigo completo Registro Colección Copia número Disponibilidad Tipo de préstamo Biblioteca Actual Procedencia (Biblioteca) Ubicacón Fecha Ingreso Tipo de Adquisición Date last seen Total checkouts Price effective from Tipo de Item Estado del Material Damaged status Withdrawn status
792.0985 B19 U0005483 Universidad Católica San Pablo 1 Disponible Disponible Víctor Andrés Belaunde Víctor Andrés Belaunde Segundo piso 14/04/2026 Compra 14/04/2026   14/04/2026 Libro Bueno